000 00901nam a2200229Ii 4500
003 JO-AjNU
008 230605s9999||||xx |||||||||||||| ||und||
017 _a2019/6/2641
020 _a978-9957-32-457-5
040 _aJO-AjNU
_bara
_erda
_cJO-AjNU
041 _aara
050 1 4 _aT58.6.N343 2022
100 3 _aالنجار، فايز جمعة,
_eauthor
_963031
245 0 0 _aنظم المعلومات الادارية: منظور اداري=MANAGEMENT INFORMATION SYSTEMS MANAGERIAL PERSECTIVE:MIS
250 _aالطبعة السابعة
264 3 1 _aعمان:دار مكتبة الحامد للنشر والتوزيع،2022
300 _a407ص
_bيحتوي على مراجع ومسرد مصطلحات من ص361-407ص
336 _atext
_btxt
_2rdacontent
337 _aunmediated
_bn
_2rdamedia
338 _avolume
_bnc
_2rdacarrier
650 4 _aنظم معلومات ادارية
_963032
999 _aA28570
_c32138
_d32138